A world divided the less developed countries in the international economy

Na minha lista:
Detalhes bibliográficos
Autor principal: Helleiner, G. K.
Formato: Livro
Idioma:Undetermined
Publicado em: Cambridge, UK Cambridge University Press 1976
Assuntos:
Tags: Adicionar Tag
Sem tags, seja o primeiro a adicionar uma tag!
Thư viện lưu trữ: Trung tâm Học liệu Trường Đại học Cần Thơ
LEADER 00575nam a2200193Ia 4500
001 CTU_105303
008 210402s9999 xx 000 0 und d
082 |a 330.9 
082 |b H477 
100 |a Helleiner, G. K. 
245 2 |a A world divided the less developed countries in the international economy 
245 0 |c G. K. Helleiner 
260 |a Cambridge, UK 
260 |b Cambridge University Press 
260 |c 1976 
650 |a Developing countries 
650 |x Economic conditions 
904 |i Hiếu 
980 |a Trung tâm Học liệu Trường Đại học Cần Thơ